000 01888nam a22002771a 4500
003 AR-RoUNCS
005 20260522144120.0
007 ta
008 080620s1981 ag |r 00| 1 spa
040 _aAR-BaBN
_bspa
_cAR-RoUNCS
041 _aspa
245 0 0 _aGilgamesh, Chilam Balam y otros textos antiguos /
_cestudio preliminar Daniel Freidemberg.
260 _aBuenos Aires :
_bCentro Editor de América Latina,
_cc1981.
300 _a106 p. ;
_c17 cm.
490 0 _aBiblioteca Básica Universal ;
_v172
505 0 _aEstudio preliminar -- Mesopotamia: Elegía por la destrucción de Súmer ; Epopeya de Gilgamesh ; Diálogo del amo y el esclavo ; La escuela de los escribas -- Egipto: Himno a Atón ; Canto del arpista ; Poesías amatorias ; La historia de Sinuhé ; El cuento del náufrago ; Los dos hermanos ; La disputa de Verdad y Mentira -- Poesía azteca -- El libro de los libros de Chilam Balam -- Popol Vuh -- Poesía quechua.
520 _aLa selección reúne fragmentos del Poema de Gilgamesh —la gran épica mesopotámica—, pasajes del Libro de Chilam Balam, testimonio sagrado y profético de la tradición maya, junto con otros textos de carácter mítico, ritual o sapiencial provenientes del Egipto faraónico y de civilizaciones precolombinas. El estudio preliminar de Daniel Freidemberg contextualiza estas obras como expresiones comunitarias, anteriores a la diferenciación moderna entre literatura, mito e historia. Analiza su transmisión, su función religiosa y la persistencia de sus estructuras simbólicas en la memoria cultural de Occidente y América Latina.
655 7 _aLiteratura antigua
_2embne
655 7 _aMitos
_2embne
655 7 _aPoesías
_2embne
700 1 _aFreidemberg, Daniel,
_d1945-
_eprologuista
730 0 2 _aChilam Balam
730 0 2 _aGilgamesh
_kSelecciones
730 0 2 _aPopol Vuh
_kSelecciones
942 _2udc
_cOG
_n0
999 _c1030
_d1030